| 000 | 01478nam a2200349 c 4500 | ||
|---|---|---|---|
| 003 | BLK | ||
| 005 | 20181105151154.0 | ||
| 008 | 180410b bul|||||r ||||||| ||bul|| | ||
| 010 | _aKNG00165034000 | ||
| 040 | _aBLK | ||
| 041 |
_aBUL _cBUL |
||
| 080 |
_aОбщи въпроси на физико-математическите и на химическите науки _b501 _x(02.062) _z501(02.062) |
||
| 100 | 1 |
_aПрес, Ханс Юрген _eпърви автор _9333971 |
|
| 700 | 1 |
_aПопов, Георги Тодоров _eпрев. от нем. _9363355 |
|
| 139 |
_aПрес, Ханс Юрген _bП 86 |
||
| 245 | 1 | 0 |
_aДа навлезем в науката с игри _bНауч.-попул. четиво за ученици _cХанс Юрген Прес; прев. от нем. Георги Тодоров Попов. |
| 257 | _aDEU | ||
| 260 |
_аСофия _bТехника _c1987 _fВраца : В. Александров |
||
| 300 |
_a136 с. _bс ил. _c24 см |
||
| 380 | _aDN | ||
| 500 | _aОриг. загл. Spiel - das Wissen schafit / Hans Jurgen Press. - Предм. показалец. | ||
| 650 | 4 |
_aИгри за развлечение _9245182 |
|
| 650 | 4 |
_aФизика _9175234 |
|
| 650 | 4 |
_aХимия _9176577 |
|
| 650 | 4 |
_aТехника _9173585 |
|
| 653 | _aигри | ||
| 852 | _aЦб 150861 | ||
| 856 | 4 |
_qpdf _u |
|
| 856 | 4 |
_qpdf _u |
|
| 942 |
_cKNG _n0 _01 |
||
| 944 |
_aCR _c19.09.2014 _lф / _kВиолета_Тройчева |
||
| 944 |
_aED _c21.11.2014 _lф / _kЛюдмила_Стоянова |
||
| 999 |
_c158066 _d158066 |
||